Geography Quiz

Random Geography or World Quiz

Single-Border Countries Minefield Quiz Stats

 Plays Quiz Updated May 13, 2016

Also try: 5-Border Countries
Challenge
Share
Tweet
Embed
Score 0/17 Timer 02:00
41 Plays Today
% Correct
???
68.5%
???
67.1%
???
65.7%
???
64.4%
???
63.6%
???
63.5%
???
61.3%
???
58.7%
???
57.6%
% Correct
???
53.6%
???
52.9%
???
50.5%
???
49.2%
???
44.3%
???
40.5%
???
40.3%
???
38.4%

You're not logged in!

Compare scores with friends on all Sporcle quizzes.
OR
Log In

You Might Also Like...

Show Comments

Extras

Top Quizzes Today


Score Distribution

Your Account Isn't Verified!

In order to create a playlist on Sporcle, you need to verify the email address you used during registration. Go to your Sporcle Settings to finish the process.

Report this User

Report this user for behavior that violates our Community Guidelines.

Details: